Normal view
MARC view
Entry Topical Term
001 - CONTROL NUMBER
- control field: 54893
003 - CONTROL NUMBER IDENTIFIER
- control field: OSt
005 - DATE AND TIME OF LATEST TRANSACTION
- control field: 20241004153726.0
008 - FIXED-LENGTH DATA ELEMENTS
- fixed length control field: 241004|| aca||aabn | a|a d
040 ## - CATALOGING SOURCE
- Original cataloging agency: OSt
- Transcribing agency: OSt
150 ## - HEADING--TOPICAL TERM
- Topical term or geographic name entry element: ဆရာတော် ဘဒ္ဒန္တ သီလဝန္တ
- General subdivision: ထေရုပ္ပတ္တိ
670 ## - SOURCE DATA FOUND
- Source citation: Work cat.: (OSt)16741: မမစိန်၊ ဒေ် 54892, ဓါတ်ပေါင်းစုံ ဆရာတော်ဘဒ္ဒန္တသီလဝန္တ၏ ထေရုပ္ပတ္တိအကျဉ်းနှင့်မြန်မာနှင့်ကမ္ဘာတွင် ဗုဒ္ဓသာသနာထွန်းကားပြန့်ပွားရေး ဆောင်ရွက်ခြင်းလုပ်ငန်းများ /, ၁၉၉၄။